<?xml version="1.0" encoding="UTF-8"?>
<record
    xmlns:xsi="http://www.w3.org/2001/XMLSchema-instance"
    xsi:schemaLocation="http://www.loc.gov/MARC21/slim http://www.loc.gov/standards/marcxml/schema/MARC21slim.xsd"
    xmlns="http://www.loc.gov/MARC21/slim">

  <leader>01234nam0a2200301   4500</leader>
  <controlfield tag="001">RU\NLR\bibl\1818717</controlfield>
  <controlfield tag="005">20250616160013.0</controlfield>
  <datafield tag="010" ind1=" " ind2=" ">
    <subfield code="a">978-5-91258-137-3</subfield>
    <subfield code="9">500</subfield>
  </datafield>
  <datafield tag="021" ind1=" " ind2=" ">
    <subfield code="a">RU</subfield>
    <subfield code="b">2011-70230</subfield>
    <subfield code="9">4976</subfield>
  </datafield>
  <datafield tag="035" ind1=" " ind2=" ">
    <subfield code="a">(NLR Aleph) 001809285</subfield>
  </datafield>
  <datafield tag="090" ind1=" " ind2=" ">
    <subfield code="a">1848354</subfield>
    <subfield code="c">1848354</subfield>
  </datafield>
  <datafield tag="100" ind1=" " ind2=" ">
    <subfield code="a">20111010d2011    |||y0rusy50      ca</subfield>
  </datafield>
  <datafield tag="101" ind1="0" ind2=" ">
    <subfield code="a">rus</subfield>
  </datafield>
  <datafield tag="102" ind1=" " ind2=" ">
    <subfield code="a">RU</subfield>
  </datafield>
  <datafield tag="105" ind1=" " ind2=" ">
    <subfield code="a">y   |||||||||</subfield>
  </datafield>
  <datafield tag="200" ind1="1" ind2=" ">
    <subfield code="a">&#x413;&#x43B;&#x43E;&#x442; &#x438; &#x413;&#x43E;&#x440;&#x442;</subfield>
    <subfield code="e">&#x434;&#x440;&#x430;&#x43C;&#x44B;</subfield>
    <subfield code="f">&#x422;&#x438;&#x43C; &#x427;&#x438;&#x433;&#x438;&#x440;&#x438;&#x43D;</subfield>
  </datafield>
  <datafield tag="210" ind1=" " ind2=" ">
    <subfield code="a">&#x421;&#x430;&#x43D;&#x43A;&#x442;-&#x41F;&#x435;&#x442;&#x435;&#x440;&#x431;&#x443;&#x440;&#x433;</subfield>
    <subfield code="c">&#x41A;&#x43E;&#x441;&#x442;&#x430;</subfield>
    <subfield code="d">2011</subfield>
  </datafield>
  <datafield tag="215" ind1=" " ind2=" ">
    <subfield code="a">219 &#x441;.</subfield>
    <subfield code="d">19</subfield>
  </datafield>
  <datafield tag="327" ind1="0" ind2=" ">
    <subfield code="a">&#x421;&#x43E;&#x434;&#x435;&#x440;&#x436;.: &#x413;&#x43B;&#x43E;&#x442; &#x438; &#x413;&#x43E;&#x440;&#x442; : &#x434;&#x438;&#x43F;&#x442;&#x438;&#x445;; &#x410;&#x445;&#x438;&#x43B;&#x43B;, &#x43D;&#x435; &#x433;&#x440;&#x443;&#x441;&#x442;&#x438; &#x43E; &#x411;&#x440;&#x438;&#x441;&#x435;&#x438;&#x434;&#x435;!; &#x427;&#x435;&#x442;&#x44B;&#x440;&#x435; &#x441;&#x442;&#x43E;&#x440;&#x43E;&#x43D;&#x44B; &#x441;&#x432;&#x435;&#x442;&#x430;; &#x423;&#x43B;&#x438;&#x442;&#x43A;&#x430; &#x433;&#x43E;&#x442;&#x43E;&#x432;&#x438;&#x442;&#x441;&#x44F; &#x443;&#x43C;&#x435;&#x440;&#x435;&#x442;&#x44C;: &#x442;&#x440;&#x438;&#x43F;&#x442;&#x438;&#x445;; &#x41A;&#x440;&#x43E;&#x432;&#x44C; &#x432;&#x438;&#x43D;&#x43E;&#x433;&#x440;&#x430;&#x434;&#x430;; &#x41F;&#x430;&#x440;&#x43C;&#x435;&#x43D; &#x438;&#x43B;&#x438; &#x41F;&#x430;&#x440;&#x43C;&#x435;&#x43D;&#x438;&#x434;?; &#x41A;&#x43B;&#x44E;&#x432; &#x438; &#x441;&#x435;&#x440;&#x434;&#x446;&#x435;; &#x422;&#x430;&#x43C; &#x438; &#x437;&#x434;&#x435;&#x441;&#x44C;; &#x42D;&#x442;&#x43E; &#x43B;&#x443;&#x447;&#x435;&#x437;&#x430;&#x440;&#x43D;&#x43E;&#x435; &#x431;&#x443;&#x434;&#x443;&#x449;&#x435;&#x435;: &#x434;&#x438;&#x43F;&#x442;&#x438;&#x445;; &#x417;&#x43E;&#x43D;&#x442;&#x438;&#x447;&#x43D;&#x44B;&#x439; &#x442;&#x435;&#x430;&#x442;&#x440; [&#x438; &#x434;&#x440;.]</subfield>
  </datafield>
  <datafield tag="686" ind1=" " ind2=" ">
    <subfield code="a">&#x428;6(2=&#x420;)8-62</subfield>
  </datafield>
  <datafield tag="700" ind1=" " ind2="1">
    <subfield code="a">&#x427;&#x438;&#x433;&#x438;&#x440;&#x438;&#x43D;</subfield>
    <subfield code="b">&#x422;.</subfield>
    <subfield code="g">&#x422;&#x438;&#x43C;</subfield>
    <subfield code="4">070</subfield>
  </datafield>
  <datafield tag="801" ind1=" " ind2="0">
    <subfield code="a">RU</subfield>
    <subfield code="b">NLR</subfield>
    <subfield code="c">20111010</subfield>
    <subfield code="g">RCR</subfield>
  </datafield>
  <datafield tag="801" ind1=" " ind2="1">
    <subfield code="a">RU</subfield>
    <subfield code="b">NLR</subfield>
    <subfield code="c">20111010</subfield>
  </datafield>
  <datafield tag="942" ind1=" " ind2=" ">
    <subfield code="c">BOOK</subfield>
  </datafield>
  <datafield tag="980" ind1=" " ind2=" ">
    <subfield code="a">NB</subfield>
  </datafield>
  <datafield tag="980" ind1=" " ind2=" ">
    <subfield code="a">NBR</subfield>
  </datafield>
  <datafield tag="995" ind1=" " ind2=" ">
    <subfield code="5">2011-10-10</subfield>
    <subfield code="a">ad</subfield>
    <subfield code="b">NLR01</subfield>
    <subfield code="c">NLR01</subfield>
    <subfield code="e">RF8</subfield>
    <subfield code="f">3505012</subfield>
    <subfield code="k">2011-3/31062</subfield>
    <subfield code="o">0</subfield>
    <subfield code="r">BOOK</subfield>
    <subfield code="s">2011331062_</subfield>
  </datafield>
</record>
